• 首页
  • 本馆介绍
  • 公告通知
  • 最新文献
  • 馆藏检索
  • 电子资源
  • 读者导购
  • 参考咨询
  • 我的图书馆
  • 登录
  • 详细信息显示
  • 放入我的书架
  • 预约/预借图书
  • 作者相关作品
  • 分类相关作品
  • 丛书相关作品
  • 出版社相关作品

书目信息

  • 表格格式
  • 工作单格式
  • 卡片格式
题名:
傅雷家书精编
    
 
作者: 傅雷 著
分册:  
出版信息: 北京   作家出版社  2019.5
页数: 343页
开本: 21cm
丛书名: 作家经典文库
单 册:
中图分类: K825.6=72
科图分类:
主题词:
电子资源:
ISBN: 978-7-5212-0438-4
000 00958oam2 2200265 450
001 2159489378
005 20211011172911.0
010    @a978-7-5212-0438-4@dCNY35.00
100    @a20190605d2019 em y0chiy0120 ea
101 0  @achi
102    @aCN@b110000
105    @ay z 000ey
106    @ar
200 1  @a傅雷家书精编@Afu lei jia shu jing bian@dHome letters@f傅雷著@zeng
210    @a北京@c作家出版社@d2019.5
215    @a343页@d21cm
225 2  @a作家经典文库@Azuo jia jing dian wen ku
330    @a本书收录傅雷写给儿子傅聪的书信100余封。内容主要为傅雷和自己的儿子傅聪谈论了艺术的真谛与精神的修养,同时又与朋友谈学论道。书中所包含的智慧,不只是从学问的研究中来,更是从生活的体验中来。
461  0 @12001 @a作家经典文库
510 1  @aHome letters@zeng
600  0 @a傅雷@Afu lei@f(1908-1966)@x书信集
690    @aK825.6=72@v5
701  0 @a傅雷@Afu lei@f(1908-1966)@4著
801  0 @aCN@b百万庄@c20211007
905    @b1307329-332@dK825.6=72@e1469@f4
    
    傅雷家书精编=Home letters/傅雷著.-北京:作家出版社,2019.5
    343页;21cm.-(作家经典文库)
    
    
    ISBN 978-7-5212-0438-4:CNY35.00
    本书收录傅雷写给儿子傅聪的书信100余封。内容主要为傅雷和自己的儿子傅聪谈论了艺术的真谛与精神的修养,同时又与朋友谈学论道。书中所包含的智慧,不只是从学问的研究中来,更是从生活的体验中来。
●
相关链接 在E读中查询图书 在五车中查询图书 在当当中查询图书 在豆瓣中查询图书


正题名:傅雷家书精编     索取号:K825.6=72/1469         预约/预借

序号 登录号 条形码 馆藏地/架位号 状态 备注
1 1307329   213073298   第二样本阅览室/ [索取号:K825.6=72/1469] 在馆    
2 1307330   213073305   第二借阅区/ [索取号:K825.6=72/1469] 在馆    
3 1307331   213073314   第二借阅区/ [索取号:K825.6=72/1469] 在馆    
4 1307332   213073323   第二借阅区/ [索取号:K825.6=72/1469] 在馆    
唐山师范学院图书馆 欢迎您!
大连网信软件有限公司© 版权所有